000 00309pab a2200121 454500
008 180718b xxu||||| |||| 00| 0 eng d
100 _aShankar, K
245 _aNarasimham report gathering dust
650 _a Narasimham Report
650 _aFinancial Institutions
773 _aFinancial Express
909 _a24096
999 _c24096
_d24096